The Zionist situation in Chicago : (Record no. 91274)
[ view plain ]
| 000 -LEADER | |
|---|---|
| fixed length control field | 00747cam a22002172 4500 |
| 001 - CONTROL NUMBER | |
| control field | tmp96029000 |
| 003 - CONTROL NUMBER IDENTIFIER | |
| control field | DLC |
| 005 - DATE AND TIME OF LATEST TRANSACTION | |
| control field | 20260227112757.0 |
| 008 - FIXED-LENGTH DATA ELEMENTS--GENERAL INFORMATION | |
| fixed length control field | 090401r19381938ilu 000 0 eng |
| 010 ## - LIBRARY OF CONGRESS CONTROL NUMBER | |
| LC control number | tmp96029000 |
| Canceled/invalid LC control number | nuc87356011 |
| 040 ## - CATALOGING SOURCE | |
| Original cataloging agency | DLC |
| Transcribing agency | DLC |
| Modifying agency | DLC |
| 043 ## - GEOGRAPHIC AREA CODE | |
| Geographic area code | n-us-il |
| 050 00 - LIBRARY OF CONGRESS CALL NUMBER | |
| Classification number | DS150.G6 |
| Item number | U54 |
| 100 1# - MAIN ENTRY--PERSONAL NAME | |
| Personal name | Blumenfield, Samuel M., |
| Dates associated with a name | 1901-1972. |
| 245 14 - TITLE STATEMENT | |
| Title | The Zionist situation in Chicago : |
| Remainder of title | an evaluation, |
| Statement of responsibility, etc. | by Rabbi Samuel M. Blumenfield. |
| 260 ## - PUBLICATION, DISTRIBUTION, ETC. | |
| Place of publication, distribution, etc. | Chicago, Illinois, |
| Name of publisher, distributor, etc. | Zionist Organization of Chicago, |
| Date of publication, distribution, etc. | [1938] |
| 300 ## - PHYSICAL DESCRIPTION | |
| Extent | 13 p. |
| Dimensions | 26 cm. |
| 500 ## - GENERAL NOTE | |
| General note | "Reprinted from the Reconstructionist of February 25 and March 11, 1938." |
| 650 #0 - SUBJECT ADDED ENTRY--TOPICAL TERM | |
| Topical term or geographic name entry element | Zionism |
| Geographic subdivision | Illinois |
| -- | Chicago. |
| 710 2# - ADDED ENTRY--CORPORATE NAME | |
| Corporate name or jurisdiction name as entry element | Zionist Organization of Chicago. |
No items available.